| 000 | 00524nam a2200169Ia 4500 | ||
|---|---|---|---|
| 008 | 090201s9999 xx 000 0 und d | ||
| 010 | _aKPL-61806 | ||
| 040 | _bमराठी | ||
| 041 | _aमराठी | ||
| 082 |
_a36912 _b61806 |
||
| 100 | _aयशवंत पाठक | ||
| 245 |
_aपसायदान _cयशवंत पाठक |
||
| 260 |
_c2004 _bमृण्मयी ऋग्वेदी प्रकाशन |
||
| 300 |
_a60 _bमोठा |
||
| 600 | _aपसायदान | ||
| 942 | _cBOOK | ||
| 999 |
_c234810 _d234810 |
||